logo

Bir Sreshtho Munshi Abdur Rouf Library
Jhenaidah Cadet College

স্কটল্যাণ্ড / (Record no. 4655)

MARC details
000 -LEADER
fixed length control field 00595nam a22002177a 4500
001 - CONTROL NUMBER
JCCL Control Number 4655
003 - CONTROL NUMBER IDENTIFIER
JCCL marc code BD-JhCC
005 - DATE AND TIME OF LATEST TRANSACTION
control field 20171129171632.0
008 - FIXED-LENGTH DATA ELEMENTS--GENERAL INFORMATION
fixed length control field 171129b xxu||||| |||| 00| 0 eng d
035 ## - SYSTEM CONTROL NUMBER
system control number (BD-JhCC) 4655
040 ## - CATALOGING SOURCE
Original cataloging agency BD-JhCC
Modifying agency BD-JhCC
041 ## - LANGUAGE CODE
Language code of Book ben
082 ## - DEWEY DECIMAL CLASSIFICATION NUMBER
Classification number 941.1
Author mark and Year AMI
100 ## - MAIN ENTRY--PERSONAL NAME
Personal name আমিন, রুহুল
245 ## - TITLE STATEMENT
Title স্কটল্যাণ্ড /
Statement of responsibility, etc রুহুল আমিন
260 ## - PUBLICATION, DISTRIBUTION, ETC. (IMPRINT)
Place of publication, distribution, etc 217 p .:
Name of publisher, distributor, etc নওরোজ কিতাবিস্তান ,
300 ## - PHYSICAL DESCRIPTION
Pagination 217 p.:
Dimensions 17 cm .
650 ## - SUBJECT ADDED ENTRY--TOPICAL TERM
Topical term or geographic name as entry element Scotland
942 ## - ADDED ENTRY ELEMENTS (KOHA)
Source of classification or shelving scheme Dewey Decimal Classification
Koha item type Books
Holdings
Source of classification or shelving scheme Damaged status Not for loan Home library Current library Shelving location Date of accession Cost, normal purchase price Total Checkouts Full call number Barcode Date last seen Copy number Koha item type
Dewey Decimal Classification     JCC Rouf Library JCC Rouf Library General Stacks 11/29/2017 4.00   941.1 AMI 6607 11/29/2017 C - 1 Books

JCC Library | Contacts | JCC Home

Last Update on 23 September 2017
Copyright @ 2017-2020 JCC Rouf Library
Rouf Library, Jhenidah Cadet College (JCC), Bangladesh